000
00207 a2200097 4500
001
42531
100
_a
Seaton
245
_a
Frederick the greats Army
260
_a
England
_b
Osprey
_c
090
_c
26443
_d
26443
942
_a
NUST-CAE
_c
M
_c
18273
999
_c
277604
_d
277604